[Event "Andorra op 22nd"]
[Site "Andorra"]
[Date "2004.07.04"]
[Round "2"]
[White "Manole, Vasile"]
[Black "Gurevich, Mikhail"]
[Result "0-1"]
[WhiteElo "2392"]
[BlackElo "2667"]
[Annotator "Gurevich,M"]
[PlyCount "104"]
[EventDate "2004.07.03"]
[EventType "swiss"]
[EventRounds "9"]
[EventCountry "AND"]
[SourceTitle "CBM 101 Extra"]
[Source "ChessBase"]
[SourceDate "2004.09.01"]
[SourceVersion "2"]
[SourceVersionDate "2004.09.01"]
[SourceQuality "1"]

1. e4 e6 2. d4 d5 3. Nc3 Nf6 4. exd5 exd5 5. Bg5 Be7 6. Bd3 Nc6 7. Nge2 Be6 8.
Na4 $5 {/\9.Nc5;} (8. Qd2 {-Winants,L-Gurevich,M France tch 2001 1/2 1/2 (43)})
8... h6 9. Bxf6 (9. Bh4 $5 Ne4 10. Bxe7 Qxe7 11. O-O (11. Bxe4 dxe4 12. Nc5
O-O-O $132) 11... O-O-O $13) 9... Bxf6 10. Nc5 Bc8 $5 11. c3 Qd6 12. O-O b6 13.
Nb3 Ne7 14. Ng3 g6 15. Re1 (15. Qd2 $5 {/\16.Rae1,f2-f4-f5|^>>}) 15... O-O 16.
Qd2 Kg7 17. Rad1 Bg4 $5 18. f3 Bd7 19. Nc1 Bg5 $5 20. Qe2 Nc6 21. Qc2 Rfe8 22.
Nf1 Re7 23. Rxe7 Qxe7 $15 24. Ne2 Re8 25. f4 Bh4 26. Neg3 Na5 $5 {[/\27...c5,
28...Nc6<=>[+]]} 27. Rd2 c5 28. Re2 Qd8 29. Rxe8 Bxe8 30. Qf2 Be7 31. Kh1 Nc6
32. dxc5 bxc5 33. a3 $6 $138 h5 34. Nd2 Bd6 35. Ne2 (35. c4 $5 Be7 36. Qf3 dxc4
37. Nxc4 Nd4 38. Qe3 $15) 35... c4 $1 36. Bc2 Qb8 37. b4 cxb3 38. Bxb3 Bxa3 39.
Bxd5 Qd6 40. c4 Bb2 41. Ne4 Qa3 $17 42. g3 (42. h3 Ne7 43. Ba8 a5 $17) 42...
Ne7 43. Ba8 Nf5 44. h3 Qd3 45. Bd5 (45. c5 Bb5 46. Ng1 Bd4 $40) 45... a5 46.
Kh2 a4 47. Nc5 Qc2 $19 48. Be4 Qxc4 49. Bxf5 gxf5 50. g4 h4 (50... a3 $19) 51.
gxf5 a3 52. Ng1 Bc6 0-1

[Event "Ghent op 22nd"]
[Site "Ghent"]
[Date "1999.??.??"]
[Round "9"]
[White "Iuldachev, Saidali"]
[Black "Gurevich, Mikhail"]
[Result "0-1"]
[WhiteElo "2491"]
[BlackElo "2643"]
[Annotator "Gurevich,M"]
[PlyCount "88"]
[EventDate "1999.07.??"]
[EventType "swiss"]
[EventRounds "9"]
[EventCountry "BEL"]
[SourceTitle "EXT 2003"]
[Source "ChessBase"]
[SourceDate "2002.11.25"]
[SourceVersion "1"]
[SourceVersionDate "2002.11.25"]
[SourceQuality "1"]

1. e4 e6 2. d4 d5 3. exd5 exd5 4. Nf3 Bg4 5. h3 Bh5 6. Qe2+ Qe7 7. Be3 Nc6 8.
Nc3 O-O-O 9. O-O-O Qb4 $5 {[/\ 10...Qa5, 11...Bb4<=><<]} 10. g4 Bg6 11. Nh4 (
11. Ne5 $6 Nxe5 12. dxe5 d4 13. Qd2 Be7 $1 $15) 11... Qa5 12. Nxg6 hxg6 13. Qb5
Nf6 {N} (13... Bb4 14. Qxa5 Nxa5 $13) 14. Bg2 $1 {[ Xd5]} Qxb5 15. Nxb5 Bb4 $1
(15... a6 16. Nc3 Bb4 17. g5 Bxc3 18. gxf6 $16) 16. a3 Ba5 17. b4 Bb6 18. Nc3
Ne7 19. Bg5 (19. g5 Ne8 20. Na4 (20. Rhe1 c6 $13) 20... Nd6 $13) 19... c6 20.
Na4 Rde8 $1 {[/\ 21...Bd8]} (20... Bc7 21. Rde1 Bd6 22. Re2 $14 {(/\ 23...Rhe1)
}) 21. Rhe1 Bd8 22. Bxf6 $6 (22. Re2 Ne4 $1 $132) (22. Nc5 $5 $14 {( /\
Nc5-d3-e5)}) 22... gxf6 23. Re2 {[/\ 24...Rde1]} f5 $1 24. Rde1 fxg4 25. hxg4
Rh2 $1 $132 26. f4 (26. Bf3 Rh3 27. Re3 Reh8 $132) 26... Reh8 27. Nc5 g5 $5 28.
Nd3 (28. f5 $5 Ng8 29. Nd3 Nf6 30. Ne5 $11) 28... Ng6 29. fxg5 Nh4 $1 (29...
Bxg5+ 30. Kb2 Kc7 31. a4 $11) 30. Rg1 (30. Bh1 Bxg5+ 31. Kb2 Rxe2 32. Rxe2 f5
$1 $15) 30... Bxg5+ 31. Kb2 Rh6 $1 $15 {[/\ 32...Re6]} 32. Re8+ Kc7 33. Rf1 $5
Bf6 $1 $17 (33... Rxg2 34. Rxf7+ Kb6 35. Nc5 Kb5 36. Kb3 $18) 34. g5 Bxd4+ 35.
Kb3 Rh7 36. Bf3 Ng6 37. Bg4 (37. c3 Rd2 $1 $17 38. Be2 $2 Kd7 39. Rb8 Rxe2 40.
cxd4 Kc7 $19) 37... Rg2 38. Rc8+ Kb6 39. Bf5 Rxg5 40. c3 {[#]} Rxf5 $1 41. Rxf5
Ne7 $19 42. a4 (42. Rf4 Nxc8 43. cxd4 Nd6 $19) 42... Nxf5 43. cxd4 Nxd4+ 44.
Kc3 Ne6 0-1

[Event "Nuremberg LGA Cup 5th"]
[Site "Nuremberg"]
[Date "2008.09.06"]
[Round "4"]
[White "Gara, Anita"]
[Black "Berelowitsch, Alexander"]
[Result "0-1"]
[WhiteElo "2340"]
[BlackElo "2557"]
[Annotator "Gutman,L"]
[PlyCount "88"]
[EventDate "2008.09.04"]
[EventType "swiss"]
[EventRounds "7"]
[EventCountry "GER"]
[SourceTitle "CBM 126 Extra"]
[Source "ChessBase"]
[SourceDate "2008.11.05"]
[SourceVersion "1"]
[SourceVersionDate "2008.11.05"]
[SourceQuality "1"]

1. e4 e6 2. d4 d5 3. Nc3 Bb4 4. exd5 exd5 5. Bd3 Nc6 6. a3 Bxc3+ 7. bxc3 Nge7
8. Rb1 b6 9. Qh5 Be6 10. Nh3 Qd7 11. Ng5 O-O-O 12. Nxe6 Qxe6+ 13. Be3 g6 14.
Qf3 Nf5 15. O-O Nxe3 16. Rfe1 Qd6 17. Rxe3 $1 {Eine neue Idee, die in
Kommentaren von von Rainer Knaak, ChessBase 1996, nicht berüksichtigt wird.
Auch die Stammpartie Glek -Djurhuus, Kopenhagen 1996, wurde im falschen Lichte
dargestellt, weil nach} (17. fxe3 f5 18. c4 dxc4 19. Bxc4 Kb8 20. Bb5 Na5 21.
c4 f4 22. c5 Qf8 {auf die Möglichkeit} 23. Red1 $5 fxe3 24. Qxe3 Qf7 25. Qc3
Qf6 26. Rbc1 {mit weißem Vorteil, nicht hingewiesen wird.}) 17... f5 18. Bb5 $2
({Müssen Frauen immer so unkonsequent sein? Nach} 18. Rbe1 Qxa3 19. Bb5 {
hätte der Nachziehende ernsthafte Schwierigkeiten zu überwinden, man sehe} Na5
20. Re7 Kb8 21. h4 Rd6 22. R1e3 Qc1+ 23. Kh2 Qxc2 24. Qf4 Nc6 (24... Nb7 25.
Rxc7 Kxc7 26. Re7+ $16) 25. R7e6 Rxe6 26. Rxe6 Na5 27. Qe5 $16) 18... Rhe8 19.
Rbe1 ({Dies ist besser als} 19. a4 Rxe3 20. Qxe3 Kb7 21. Qd3 Qa3 22. h4 Nb8 23.
Qg3 a6 24. Bd3 Qxa4 $15 {mit Schwarz on Top.}) 19... Rxe3 20. Qxe3 Kb7 21. a4
$2 ({Nun geht die Initiative auf Schwarz über. Richtig war} 21. Ra1 a6 22. Be2
$11 {mit etwa gleichen Chancen.}) 21... a6 22. Bxc6+ Qxc6 23. Ra1 Re8 24. Qd3
a5 25. g3 Re6 26. Kg2 Qe8 27. Qf3 Re4 28. Qd3 h5 29. Qf3 ({Auf} 29. h4 {wäre}
f4 $17 {störend gewesen.}) 29... Qd7 30. Kf1 h4 31. gxh4 $2 ({Zweifellos war} 
31. Qd3 Qe8 32. Qf3 $17 {vorzuziehen.}) 31... Rxh4 32. h3 Re4 33. Kg2 g5 34.
Kf1 g4 35. hxg4 fxg4 36. Qg3 Qf5 37. Rd1 Rf4 38. Rd2 ({Nach} 38. Rd3 {
entscheidet der Durchbruch} b5 39. axb5 a4 $19) 38... Rf3 39. Qe5 g3 40. Qxf5
Rxf5 41. f4 Rxf4+ 42. Ke1 Rf3 43. Rg2 Rxc3 44. Kd2 Ra3 0-1

[Event "Nord West Cup 13th"]
[Site "Bad Zwischenahn"]
[Date "2011.01.29"]
[Round "4"]
[White "Miezis, Normunds"]
[Black "Carlstedt, Jonathan"]
[Result "1-0"]
[WhiteElo "2524"]
[BlackElo "2392"]
[Annotator "Gutman,L"]
[PlyCount "63"]
[EventDate "2011.01.27"]
[EventType "swiss"]
[EventRounds "7"]
[EventCountry "GER"]
[SourceTitle "CBM 141"]
[Source "ChessBase"]
[SourceDate "2011.03.17"]
[SourceVersion "1"]
[SourceVersionDate "2011.03.17"]
[SourceQuality "1"]

1. c4 e6 2. e4 d5 3. exd5 exd5 4. d4 Nf6 5. Nc3 Bb4 6. Bd3 O-O 7. Nge2 dxc4 8.
Bxc4 Nbd7 ({Zu beachten ist} 8... Nc6 9. O-O h6 10. Bf4 Bd6 $11 {Wegerle-Giri,
Ohrid 2009}) 9. O-O Nb6 10. Bb3 Bg4 ({Und hier} 10... c6 11. Bg5 Be7 $11 {
Miezis-Luther, Dresden 2009}) 11. f3 Bf5 12. Ng3 Bd7 $6 ({Etwas arrogant
gespielt, Schwarz unterschätzt das weiße Angriffspotenzial. Genügend
Gegenspiel versprach} 12... Be6 13. Bxe6 fxe6 14. Re1 c5 15. a3 Bxc3 16. bxc3
cxd4 17. cxd4 Qd5 $11) 13. Nge4 Bc6 14. Qd3 Nfd5 ({Nach} 14... Re8 {käme} 15.
Bf4 $5 ({harmlos erscheint} 15. Bc2 {wegen} Nxe4 16. Nxe4 Bd5 17. b3 f5) 15...
Nfd5 16. Bg3 $14 {mit etwas Plus}) 15. Bc2 ({Zu direkt. Mehr war durch} 15. Re1
$5 $14 {zu erreichen.}) 15... f5 16. Ng3 Qd7 $2 ({Eine dubiose Entscheidung,
während nach} 16... g6 17. Bb3 Re8 $11 {das Spiel gleich steht.}) 17. Nxf5 Bxc3
$2 ({Mehr Widerstand konnte Schwarz nach} 17... Qxf5 18. Qxf5 Rxf5 19. Bxf5
Nxc3 20. bxc3 Bxc3 21. Be6+ Kh8 22. Rb1 Re8 23. Bf7 Rf8 24. Bb3 Bxd4+ 25. Kh1
$14 {leisten}) 18. bxc3 Bb5 $2 {Auf diesen Zug hat sich Schwarz verlassen,
doch Weiß startet nun einen vernichtenden Angriff.} 19. Ne7+ Nxe7 20. Qxh7+ Kf7
21. Qh5+ g6 22. Qh7+ Kf6 23. h4 Bxf1 24. Bg5+ Ke6 25. Re1+ Kd5 26. Rxe7 Qd6 27.
Be4+ Kc4 28. Rxc7+ Kb5 29. Rc5+ Ka4 30. Bc2+ Ka3 31. Bc1+ Kxa2 32. Ra5+ 1-0

[Event "Kiev Trudova Ukraina"]
[Site "Kiev"]
[Date "2001.01.22"]
[Round "4"]
[White "Eschenko, Vadim"]
[Black "Kruppa, Yuri"]
[Result "1/2-1/2"]
[WhiteElo "2443"]
[BlackElo "2572"]
[Annotator "Hecht,H"]
[PlyCount "139"]
[EventDate "2001.01.19"]
[EventType "tourn"]
[EventRounds "10"]
[EventCountry "UKR"]
[EventCategory "11"]
[SourceTitle "CBM 082"]
[Source "ChessBase"]
[SourceDate "2001.05.17"]
[SourceVersion "1"]
[SourceVersionDate "2001.05.17"]
[SourceQuality "1"]

1. e4 e6 2. d4 d5 3. exd5 exd5 4. Bf4 Nf6 5. Nf3 Be7 6. Bd3 Bg4 7. Nbd2 O-O 8.
h3 Bh5 9. O-O c5 10. dxc5 Bxc5 11. c3 Nc6 12. Qc2 Bg6 13. Rad1 Rc8 14. Nb3 Bb6
15. Bxg6 fxg6 16. Qd3 Nh5 17. Be3 Rxf3 18. gxf3 Bxe3 19. Qxe3 Qf6 20. f4 Nxf4
21. Rfe1 Rf8 22. Kh2 g5 23. Nd4 g4 24. Ne6 Nxe6 25. Qxe6+ Qxe6 26. Rxe6 Rxf2+
27. Kg3 Rxb2 28. Rxd5 Kf7 29. Re3 gxh3 30. Kxh3 Kf6 31. Rd6+ Kf5 32. Rd7 g5 33.
Rd5+ Kf4 34. Rg3 Ne5 35. Rd4+ Kf5 36. Re3 Ng6 37. Rd5+ Kf6 38. Rd6+ Kf5 39.
Rd5+ Kf6 40. Rd6+ Kf5 41. Rd5+ Kf4 42. Rg3 Ne5 43. Rd4+ Kf5 44. Rg2 Rxg2 45.
Kxg2 h5 46. Rd8 h4 47. Rb8 b6 48. Rb7 g4 49. Rxa7 Ng6 50. Rh7 Ke4 51. Rh6 Nf4+
52. Kg1 Kf3 53. Rxh4 Ne2+ 54. Kf1 g3 55. Rh3 Nxc3 56. Ke1 Ne2 57. Rh8 g2 58.
Rg8 g1=Q+ 59. Rxg1 Nxg1 {[#] Fehlerhafte Abwicklung in ein Bauernendspiel, das
nur remis ist. Mit dem richtigen Springerweg war der Gewinn möglich.} 60. Kd2
Ke4 61. Kc3 Kd5 62. Kb4 Kc6 63. a4 Nf3 $2 {Der richtige Weg des Springers
führt über f4 und d5 (mit akustischem Beiklang!) nach c7, von wo aus der weiße
Ba7 aufgehalten werden kann. Deshalb ist an dieser Stelle entweder Sh3 oder
Se2 richtig. Man sehe:} (63... Ne2 $1 {oder Sh3} 64. a5 b5 65. a6 Nf4 66. a7
Nd5+ 67. Ka5 Nc7 $19) 64. a5 b5 65. a6 Nd4 66. a7 Kb7 67. Kc5 Kxa7 68. Kxd4 Kb6
69. Kc3 Kc5 70. Kb3 1/2-1/2

[Event "Vidmar Memorial 12th "]
[Site "Portoroz"]
[Date "1997.07.08"]
[Round "4"]
[White "Azmaiparashvili, Zurab"]
[Black "Beliavsky, Alexander G"]
[Result "1-0"]
[WhiteElo "2645"]
[BlackElo "2710"]
[Annotator "Hecht,H"]
[PlyCount "123"]
[EventDate "1997.07.05"]
[EventType "tourn"]
[EventRounds "9"]
[EventCountry "SLO"]
[EventCategory "15"]
[SourceTitle "CBM 061"]
[Source "ChessBase"]
[SourceDate "1997.11.23"]
[SourceVersion "1"]
[SourceVersionDate "1997.11.23"]
[SourceQuality "1"]

1. e4 e6 2. d4 d5 3. exd5 exd5 4. Nf3 Bd6 5. c4 c6 6. Nc3 Ne7 7. Bd3 O-O 8. O-O
dxc4 9. Bxc4 Nd7 10. Bb3 Nb6 11. Bg5 Kh8 (11... h6 12. Bh4 Qc7 13. Bxe7 Qxe7
14. Re1 Qd8 15. Qd3 a5 16. Ne5 Bxe5 17. Rxe5 Nd7 18. Re3 Nf6 19. Rae1 b5 20. h3
Ra7 21. a4 b4 22. Ne4 Ba6 23. Qc2 Nxe4 24. Rxe4 Rd7 25. Qc5 Bd3 26. Re7 {
Kaidanov,G-Nikolic,P/Groningen PCA 1993/CBM 39/[Knaak]/1/2-1/2 (56)}) 12. Bxe7
Qxe7 13. Re1 Qc7 (13... Be6 14. Bxe6 fxe6 15. Re4 Rae8 16. Qe2 Rf4 17. Re1 Rxe4
18. Qxe4 Kg8 19. Qg4 h6 20. Nh4 Qf7 21. Ng6 Nd7 22. Ne5 Qf5 23. Qxf5 exf5 24.
Nf3 Rxe1+ 25. Nxe1 Kf7 26. Kf1 Ke6 27. h3 Nf6 28. Ke2 {Junge,R-Hertneck,G/
BL8889 1989/BL 80/1/2-1/2 (60)}) 14. Qd3 g6 15. d5 Bf5 16. Qd4+ f6 17. dxc6
Qxc6 18. Qh4 Bc5 19. Nd4 Bxd4 20. Qxd4 Rae8 21. Rxe8 Qxe8 22. Rd1 Qe5 23. Qxe5
fxe5 24. Nb5 a5 25. Rd6 Rc8 26. Nc3 Rc6 27. Rxc6 bxc6 28. f3 Kg7 29. Kf2 Kf6
30. g4 Bd3 31. Ba4 Nxa4 32. Nxa4 {[#] A mobile knight versus several weak and
isolated Black pawns. Maneuvering and technique. [#] beweglicher Springer
gegen viele schwache schwarze Einzelbauern. Lavieren und Technik.} Bc4 33. b3
Be6 34. Nc5 Bc8 35. Ke3 h5 36. gxh5 gxh5 37. h4 Ke7 38. Kd3 Kf7 39. Ne4 Ba6+
40. Ke3 Kg6 41. Ng3 c5 42. Ke4 c4 43. bxc4 Bxc4 44. a3 Kf6 45. Nxh5+ Ke6 46.
Ng7+ Kf6 47. Nf5 Ke6 48. Ne3 Bb5 49. Ng4 Bc6+ 50. Ke3 Be8 51. Nf2 Kf5 52. Ne4
Ke6 53. Kd3 Bh5 54. Ke2 Be8 55. Ke3 a4 56. Kd3 Bg6 57. Ke2 Bh5 58. Kf2 Ke7 59.
Kg3 Be8 60. Kg4 Bd7+ 61. Kg5 Kf7 62. Nd6+ 1-0

[Event "Mondariz zt 1.1"]
[Site "Mondariz"]
[Date "2000.09.11"]
[Round "8"]
[White "Nataf, Igor Alexandre"]
[Black "Degraeve, Jean Marc"]
[Result "1-0"]
[WhiteElo "2526"]
[BlackElo "2540"]
[Annotator "Hecht,H"]
[PlyCount "107"]
[EventDate "2000.09.03"]
[EventType "swiss"]
[EventRounds "11"]
[EventCountry "ESP"]
[SourceTitle "CBM 079"]
[Source "ChessBase"]
[SourceDate "2000.11.21"]
[SourceVersion "1"]
[SourceVersionDate "2000.11.21"]
[SourceQuality "1"]

1. e4 e6 2. d4 d5 3. Nc3 Bb4 4. exd5 exd5 5. Bd3 Nc6 6. a3 Bxc3+ 7. bxc3 Nf6 8.
Ne2 O-O 9. O-O Na5 10. Ng3 Re8 11. Re1 Rxe1+ 12. Qxe1 Be6 13. Qe5 Nc6 14. Qe2
Qd6 15. Bg5 Bd7 16. Bxf6 Qxf6 17. Qh5 g6 18. Qxd5 Rd8 19. Ne4 Qe7 20. Qg5 Qxg5
21. Nxg5 h6 22. Ne4 b6 23. Nf6+ Kf8 24. Re1 Na5 25. f3 Be6 26. Kf2 Kg7 27. Ne4
Nc6 28. Nd2 Ne7 29. Bc4 Nd5 30. Bxd5 Rxd5 31. Nb3 Rd6 32. Ke3 Rc6 33. Kd3 Bf5+
34. Kd2 Rc4 35. Ra1 h5 36. Nc1 Ra4 37. Nd3 Bxd3 38. cxd3 c6 39. Kc2 h4 40. Kb3
Ra5 41. Re1 Rg5 42. Re2 Rf5 43. Re5 Kf6 44. Rxf5+ Kxf5 {[#] Der weiße, in
einer Doppelbauernstruktur steckende Mehrbauer wird unter so günstigen
Umständen hergegeben, dass der weiße König in der Lage ist, die schwarze
Stellung zu unterwandern.} 45. g3 hxg3 46. hxg3 Ke6 47. c4 f5 48. f4 Kd6 49.
Kb4 Kc7 (49... a5+ 50. Ka4 Kc7 51. c5 (51. d5 $18) 51... Kb7 52. cxb6 Kxb6 53.
Kb3 Kb5 54. a4+ Ka6 55. Kc4 Kb6 56. d5 $18) (49... Ke6 50. d5+ cxd5 51. Kb5
dxc4 52. dxc4 Kd6 53. Ka6 Kc5 54. Kxa7 Kxc4 55. Kxb6 Kb3 56. Kc5 Kxa3 57. Kd5
$18) 50. c5 Kd7 51. cxb6 axb6 52. d5 $1 cxd5 53. Kb5 Kc7 54. d4 (54. d4 Kb7 55.
a4 Kc7 (55... Ka7 56. Kc6 Ka6 57. Kxd5 Ka5 58. Kc6 $18) 56. a5 bxa5 57. Kxa5
Kc6 58. Ka6 Kc7 59. Kb5 Kd6 60. Kb6 Kd7 61. Kc5 Ke6 62. Kc6 $18) 1-0

[Event "Beersheba"]
[Site "Beersheba"]
[Date "1996.??.??"]
[Round "10"]
[White "Finkel, Alexander"]
[Black "Bykhovsky, Avigdor"]
[Result "0-1"]
[WhiteElo "2500"]
[BlackElo "2405"]
[Annotator "Hecht,H"]
[PlyCount "158"]
[EventDate "1996.03.??"]
[EventType "tourn"]
[EventRounds "11"]
[EventCountry "ISR"]
[EventCategory "10"]
[SourceTitle "CBM 053"]
[Source "ChessBase"]
[SourceDate "1996.08.01"]
[SourceVersion "1"]
[SourceVersionDate "1996.08.01"]
[SourceQuality "1"]

1. e4 e6 2. d4 d5 3. Nc3 Bb4 4. Bd3 c5 5. exd5 exd5 6. a3 Bxc3+ 7. bxc3 c4 8.
Be2 Ne7 9. Bf3 O-O 10. Ne2 Ng6 11. O-O Nc6 12. Rb1 b6 13. Re1 Re8 14. Nf4 Rxe1+
15. Qxe1 Nxf4 16. Bxf4 Be6 17. Qe2 Qe7 18. a4 Re8 19. h3 Qd7 20. Qd2 Ne7 21.
Rb5 f6 22. Qd1 Ng6 23. Bg3 Ne7 24. Qb1 Nc6 25. Qa2 Bf7 26. Kh2 h5 27. Qa3 Rd8
28. Rb1 g5 29. Kh1 g4 30. hxg4 hxg4 31. Be2 Re8 32. Re1 Kg7 33. Qc1 Qf5 34. Qd2
Bg6 35. Bd1 Qg5 36. Re3 Be4 37. Kg1 Rh8 38. Qe1 f5 39. f3 gxf3 40. Rxf3 Kf7 41.
Bf4 Qh4 42. Qxh4 Rxh4 43. Rf2 Ke6 44. Bg5 Rh7 45. Bf3 Ne7 46. Kf1 Rh1+ 47. Ke2
Bxc2 48. g4 Bd3+ 49. Ke3 Re1+ 50. Kf4 fxg4 51. Bxg4+ Bf5 52. Bh5 Ng6+ 53. Kg3
Rg1+ 54. Rg2 Rxg2+ 55. Kxg2 Ne7 56. Bd1 Nc8 57. Kf2 Nd6 58. Ke1 Ne4 59. Bd2 Kd6
60. Bf3 Nxd2 61. Kxd2 {[%csl Ra4,Rc3,Rd5] [#] Bauern auf einem Flügel, 2 vs 1
B-Schwäche, ween der Schwäche a4 kann nur eine w Figur aktiviert werden: a)
passiver wK --> aktiver schwarzer K; b) passiver wL --> B-Durchbruch} Bd7 62.
Bd1 a5 63. Kc1 (63. Bc2 Ke6 64. Ke3 Kf6 65. Kf4 b5 66. axb5 Bxb5 67. Kg4 a4 68.
Kf4 a3 69. Bb1 Ba4 $19) 63... Ke7 64. Kb2 Kf6 65. Ka3 Kf5 66. Bh5 Ke4 67. Bf7
Bc6 68. Bg8 Kd3 69. Kb2 Bxa4 70. Bxd5 Bd7 71. Bf7 b5 72. d5 b4 73. Kc1 (73.
cxb4 Kd2 74. Bg6 axb4 75. d6 Ba4 76. Bf5 c3+ $19) 73... Kxc3 74. Be6 Be8 75. d6
b3 76. Bf5 a4 77. d7 Bxd7 78. Bxd7 a3 79. Kb1 a2+ 0-1

[Event "Olympiad-30"]
[Site "Manila"]
[Date "1992.06.17"]
[Round "9.3"]
[White "Shabalov, Alexander"]
[Black "Hertneck, Gerald"]
[Result "0-1"]
[WhiteElo "2535"]
[BlackElo "2530"]
[Annotator "Hertneck,G"]
[PlyCount "68"]
[EventDate "1992.06.08"]
[EventType "team-swiss"]
[EventRounds "14"]
[EventCountry "PHI"]
[SourceTitle "CBM 030"]
[Source "ChessBase"]
[SourceDate "1992.10.01"]
[SourceVersion "1"]
[SourceVersionDate "1992.10.01"]
[SourceQuality "1"]
[WhiteTeam "Latvia"]
[BlackTeam "Germany"]
[WhiteTeamCountry "LAT"]
[BlackTeamCountry "GER"]

1. d4 d5 2. c4 c6 3. Nc3 {<M> Both players are experts in the popular piece
sacrifice found in the Semi Slav after 3.Nf3 Nf6 4.Nc3 dxc4 5.a4 Bf5 6.Ne5 e6
7.f3 Bb4 8.e4 Bxe4. White's third move allows Black to play the recently
resurrected Winawer Gambit <D>} e5 4. e3 {<M> White wants to avoid the
theoretical argument after 4.dxe4 d4 5.Ne4 Qa5+ <D>} exd4 5. exd4 Nf6 6. Nf3
Be7 7. Be3 O-O 8. Qb3 {<M> A very interesting plan, after long thought Black
found a good reply <D>} dxc4 (8... Qb6 $6 9. Qc2 Na6 10. c5 $1 (10. a3 $6 Qa5
11. Rc1 (11. c5 b6 $1) 11... dxc4 12. Bxc4 Bf5) 10... Qc7 11. Bxa6 bxa6 12. O-O
Re8 13. Qa4 Qb7 14. b4 $16 Bd7 15. Rfe1 Bd8 16. Bf4 Ne4 17. Nxe4 Rxe4 18. Rxe4
dxe4 19. Nd2 Qb5 20. Qxb5 axb5 21. a4 $1 g5 22. Be5 f6 23. Bd6 f5 {Hort,
V-Herndl,R/Manila olm (05)/1-0/42/ -> TD 1992} 24. axb5 $1 cxb5 25. d5 Bf6 26.
Rc1 a5 27. c6 Bc8 28. bxa5 Rxa5 29. g4 $18) 9. Bxc4 Nbd7 {<M> Idea ..Nb6 and ..
Be6 <D>} 10. Ng5 $5 {<M> White attempts to refute Black's set up but he goes
'over the top' <D>} Nd5 $1 11. h4 (11. Nxf7 Kxf7 12. Nxd5 cxd5 13. Bxd5+ Ke8)
11... N7b6 12. Bd3 h6 {<M> Black is clearly better but White's next move is a
terrible blunder <D>} 13. Qc2 $4 Nxe3 14. fxe3 hxg5 15. hxg5 Bxg5 {<M> The
possibility of ..Bh4+ ruins everything for White, Black has a won position <D>}
16. Bh7+ Kh8 17. Bg8+ Bh4+ {<M> Not 17..Bh6 18.Qh7 mate <D>} 18. g3 Kxg8 19.
Rxh4 f5 20. O-O-O Be6 21. e4 Qg5+ 22. Kb1 f4 23. Qc1 Qxg3 24. Rdh1 f3 25. Rh8+
Kf7 26. Rg1 Qd6 27. Qg5 Qxd4 28. Rh7 Rg8 29. Qh5+ Ke7 30. Rg6 Raf8 31. Qg5+ Kd7
32. Rgxg7+ Rxg7 33. Rxg7+ Kc8 34. Qe7 Nd7 0-1

[Event "Capablanca Memorial Elite 31st"]
[Site "Cienfuegos"]
[Date "1996.??.??"]
[Round "6"]
[White "Miles, Anthony John"]
[Black "Conquest, Stuart"]
[Result "1-0"]
[WhiteElo "2635"]
[BlackElo "2540"]
[Annotator "Kantsler,B"]
[PlyCount "101"]
[EventDate "1996.05.??"]
[EventType "tourn"]
[EventRounds "13"]
[EventCountry "CUB"]
[EventCategory "12"]
[SourceTitle "CBM 054"]
[Source "ChessBase"]
[SourceDate "1996.10.01"]
[SourceVersion "1"]
[SourceVersionDate "1996.10.01"]
[SourceQuality "1"]

1. d4 e6 2. e4 d5 3. exd5 exd5 4. Nf3 Be7 $5 5. Bd3 Bg4 6. Nbd2 $5 {/\Nf1-g3/}
Nf6 7. Nf1 Nc6 (7... c5 $5) 8. c3 O-O 9. Ng3 Re8 10. O-O Bd6 11. h3 Bxg3 (11...
Bxf3 $6 12. Qxf3 $16) (11... Be6 12. Nf5 $14) 12. hxg4 (12. fxg3 $5 Bh5 13. Bg5
$14) 12... Bd6 13. Qc2 g6 14. g5 Nh5 15. g3 Qd7 16. Kg2 Rf8 17. Rh1 f5 18. Rh4
Qf7 19. Bd2 Rae8 20. Rah1 Re4 $1 21. R4h3 (21. Bxe4 $4 fxe4 $19) 21... a6 22.
Ng1 $1 Ne7 23. f4 $1 (23. Bxe4 $6 fxe4 $44) (23. Be2 $6 f4 24. Bxh5 (24. g4
Rxe2 (24... f3+ $1 25. Rxf3 (25. Bxf3 Rxg4+ 26. Kf1 Re4 $17) (25. Nxf3 Rxg4+
26. Kf1 Nf5 $17) 25... Rxg4+ 26. Kf1 (26. Kh3 Rxg1 $1 27. Rxf7 (27. Rxg1 Qe6+
$19) 27... Rxh1+ 28. Kg2 Rh2+ 29. Kg1 Rxf7 $17) 26... Nf5 $17) 25. gxh5 Re6 $13
) 24... gxh5 25. Rxh5 $2 (25. f3 $6 fxg3 26. Rxh5 $2 Re2+ $1 27. Kf1 Rf2+ 28.
Ke1 Qe6+ $19) 25... fxg3 26. f3 Re2+ $1 $19) 23... b5 (23... c5 $5) 24. Be2 Qe8
25. Qd1 c5 26. Bxh5 gxh5 27. Rxh5 Rf7 28. Rh6 Ng6 29. Qh5 $1 Kf8 $8 30. Qf3 {
/\30.Rg6 hg 31.Rh8+-/} (30. Rxh7 $2 Rxh7 31. Qxh7 Re2+ $1 32. Nxe2 Qxe2+ 33.
Kh3 Qg4+ $10) 30... Qd7 31. R1h2 Ke8 (31... cxd4 32. Ne2 $14) 32. Kh1 Kd8 33.
Qh5 Ree7 34. Nf3 Kc8 35. Ne5 Bxe5 36. dxe5 b4 37. cxb4 c4 38. Qf3 Re6 39. Bc3
Qb7 (39... d4) 40. Rd2 Rd7 41. Kg2 Re8 42. a3 Qc6 43. Bd4 Kb7 44. Bc5 a5 45.
Rh1 $18 Rxe5 $5 46. fxe5 Nxe5 47. Qd1 d4+ 48. Kf2 f4 (48... Ng4+ 49. Kg1 $18)
49. Rh4 fxg3+ 50. Kxg3 Rf7 51. Rf2 1-0

[Event "Kecskemet"]
[Site "Kecskemet"]
[Date "1990.??.??"]
[Round "3"]
[White "Videki, Sandor"]
[Black "Tolnai, Tibor"]
[Result "0-1"]
[WhiteElo "2440"]
[BlackElo "2490"]
[Annotator "Knaak,R"]
[PlyCount "120"]
[EventDate "1990.06.??"]
[EventType "tourn"]
[EventRounds "13"]
[EventCountry "HUN"]
[EventCategory "8"]
[SourceTitle "CBM 020"]
[Source "ChessBase"]
[SourceDate "1991.02.01"]
[SourceVersion "1"]
[SourceVersionDate "1991.02.01"]
[SourceQuality "1"]

1. d4 e6 2. e4 d5 3. exd5 exd5 4. Bd3 c5 5. Qe2+ $6 (5. Nf3 Nc6 6. c3 $10) 5...
Be7 6. dxc5 Nf6 7. Nf3 O-O 8. O-O Bxc5 9. Bg5 Nc6 10. Nbd2 Bg4 11. h3 Re8 $17
12. Qd1 Bh5 13. c3 Qd6 14. Qc2 h6 15. Bh4 $2 Bxf3 16. Bxf6 Be2 17. Bxe2 Rxe2
18. Qd3 Rxf2 19. Rxf2 Qxf6 20. Nf3 Bxf2+ 21. Kxf2 Rd8 22. Rd1 d4 23. Qc2 dxc3
24. Rxd8+ Nxd8 25. bxc3 Nc6 26. Kg1 Qe6 27. Qd2 b6 28. Kf2 Qc4 29. Kg1 g5 30.
Kh1 Kg7 31. Kg1 Qc5+ 32. Kh1 Ne7 33. Nd4 Nf5 34. Nxf5+ Qxf5 35. Kg1 h5 36. Qd4+
Qf6 37. Qd3 Qf4 38. c4 g4 39. hxg4 hxg4 40. g3 Qe5 41. a3 Kf6 42. Qd8+ Kg6 43.
Qd3+ f5 44. Kf2 Qc5+ 45. Kg2 Kf6 46. Qd8+ Ke5 47. Qb8+ Kd4 48. Qxa7 Kxc4 49.
Qa4+ Kc3 50. Qe8 Qd5+ 51. Kh2 Kd3 52. Qe1 Qa2+ 53. Kh1 Qd5+ 54. Kh2 Kc2 55. Qe8
Kd1 56. Qa4+ Ke1 57. Kg1 Qc5+ 58. Kh1 Qc3 59. Kh2 Qd2+ 60. Kh1 Kf2 0-1